Top 10 Most Populous U.S. Cities Starting with U - Statistics

General Stats
  • This quiz has been taken 26 times
  • The average score is 5 of 10
Answer Stats
State Answer Population % Correct
New Jersey Union City 64 k
88%
California Union City 64 k
88%
New York Utica 63 k
88%
California Upland 77 k
42%
Florida University 49 k
38%
Florida University 43 k
38%
Illinois Urbana 38 k
38%
Iowa Urbandale 47 k
29%
Washington University Place 34 k
21%
Ohio Upper Arlington 35 k
17%
No matching quizzes found
Score Distribution
Percent of People with Each Score
Percentile by Number Answered
Your Score History
You have not taken this quiz